000 00361nam a2200133Ia 4500
003 GCL
008 140319s9999 xx 000 0 ara d
040 _aGCL /
_cGCL
082 0 4 _aط
_b239
_bع م
245 1 0 _aمحمد الرسول الباسم
260 _a[S.N] :
_bدار الكتاب المصرى
300 _a15 ص
490 _aمحمد خير البشر
_v0
999 _c57270
_d57270